000 00410nam a2200181Ia 4500
005 20250603144611.0
008 250603s9999 xx 000 0 und d
020 _a9789054107644
050 _aTA 403.4 .D84/
100 _aDuggal, S. K.
245 0 _aBuilding materials
260 _aNew York
260 _bTaylor and Francis
260 _c2007
300 _a390 p
650 _aNew York
942 _cBK
999 _c39404
_d39404